000
00311nam a2200121Ia 4500
008
191201s2004 xx 000 0 und d
100
_a
BALASUBRAMANIAN, N
245
0
_a
Spinning Tablet VII Doubling
260
_a
N.Delhi
_b
The Textile Association
_c
2004
300
_a
24
650
_a
B.Tech(TE)
942
_2
ddc
_c
BK
999
_c
3444
_d
3444